Missionary recruitment training and development; (Record no. 193228)

MARC details
000 -LEADER
fixed length control field 00652nam a22001817a 4500
005 - DATE AND TIME OF LATEST TRANSACTION
control field 20221020162246.0
010 ## - LCCN (DPL NO)
LC control number ENG-135458
020 ## - INTERNATIONAL STANDARD BOOK NUMBER
International Standard Book Number 9789390569878
Terms of availability 175.00
035 ## - SYSTEM CONTROL NUMBER
System control number EN-118990
037 ## - SOURCE OF ACQUISITION
Source of stock number/acquisition DBAD/PUB
082 ## - DEWEY DECIMAL CLASSIFICATION NUMBER
Classification number 269.2095433
100 ## - MAIN ENTRY--PERSONAL NAME
Personal name baburaj, m.
245 ## - TITLE STATEMENT
Title Missionary recruitment training and development;
Remainder of title an appraisal of the mission work of csi-south kerala diocese/
Statement of responsibility, etc by m. baburaj
260 ## - PUBLICATION, DISTRIBUTION, ETC. (IMPRINT)
Place of publication, distribution, etc Delhi
Name of publisher, distributor, etc ISPCK
Date of publication, distribution, etc 2021
270 ## - ADDRESS
Address 1585,1654,madarsa road, kashmere gate
City Delhi
Postal code 110006
Telephone number 011-23866323
Electronic mail address ashish@ispck.org.in
300 ## - PHYSICAL DESCRIPTION
Extent 129p.
Dimensions 22cm(pbk)
Other physical details bibliography
942 ## - ADDED ENTRY ELEMENTS (KOHA)
Source of classification or shelving scheme Dewey Decimal Classification
Item type English Books
Call number suffix BAB
Classification part 269.2095433
Holdings
Withdrawn status Lost status Not for loan Collection code Home library Current library Date acquired Source of acquisition Cost, normal purchase price Full call number Barcode Copy number Cost, replacement price Koha item type
      Non-fiction Kasturba Gandhi Marg Kasturba Gandhi Marg 18/10/2022 DBAD/PUB 175.00 269.2095433 BAB EN-118990 1 175.00 English Books

© Delhi Public Library
Hit Counter
free hit counter